Geburtsorte der Weltmeister 1974 - Statistiken

Allgemein
  • Dieses Quiz wurde 29 mal gespielt
  • Das Durchschnittsergebnis liegt bei 10 aus 22
Antwortstatistiken
Frage Antwort % Korrekt
Jupp Heynckes Mönchengladbach
100%
Gerd Müller Nördlingen
100%
Uli Hoeneß Ulm
100%
Herbert Wimmer Eupen (Belgien)
67%
Norbert Nigbur Gelsenkirchen
67%
Günter Netzer Mönchengladbach
67%
Hans-Georg Schwarzenbeck München
67%
Bernhard Cullmann Rötsweiler
67%
Wolfgang Kleff Schwerte
67%
Wolfgang Overath Siegburg
67%
Jupp Kappelmann Würselen
67%
Trainer: Helmut Schön Dresden
33%
Rainer Bonhof Emmerich
33%
Paul Breitner Kolbermoor
33%
Heinz Flohe Köln
33%
Horst-Dieter Höttges Mönchengladbach
33%
Berti Vogts Kaarst
0%
Sepp Maier Metten
0%
Helmut Kremers Mönchengladbach
0%
Dieter Herzog Oberhausen
0%
Bernd Hölzenbein Runkel
0%
Jürgen Grabowski Wiesbaden
0%
Keine übereinstimmenden Quizze gefunden
Verteilung der Resultate
Anzahl Personen mit jedem Resultat
Perzentil nach korrekt beantworteten Fragen
Ihre Resultats-Entwicklung
Sie haben dieses Quiz noch nicht gespielt